[Event "5th Pontevedra Open 2017"]
[Site "Pontevedra"]
[Date "2017.08.14"]
[Round "9"]
[White "Yuffa, Daniil"]
[Black "Strikovic, Aleksa"]
[Result "1/2-1/2"]
[WhiteElo "2515"]
[BlackElo "2500"]
[Annotator "TA"]
[PlyCount "41"]
[EventDate "2017.??.??"]
[EventCountry "ESP"]
[SourceTitle "playchess.com"]
[Source "ChessBase"]
[SourceQuality "1"]

{[%evp 17,41,31,27,21,27,26,35,34,45,39,39,40,43,42,43,52,54,46,51,22,28,18,18,0,11,6]} 1. d4 d6 2. Nf3 g6 3. c4 Bg7 4. e4 e5 5. Nc3 exd4 6. Nxd4 Nc6 7. Be3 Nge7 {[%cal Bg8e7,Be7c6,Bc6e5][%mdl 32]} 8. Nxc6 Nxc6 {A42: Modern Defence: Averbakh Variation} 9. Qd2 (9. Be2 O-O 10. Qd2 f5 11. exf5 Bxf5 12. O-O Qf6 13. Rad1 Kh8 14. Rfe1 Nb4 15. Rc1 Na6 16. Bf1 Rae8 17. f3 Nb4 18. Bf2 Nc6 19. Rxe8 Rxe8 20. b3 Qf7 21. Nd5 a6 {½-½ (41) Ivanchuk,V (2703)-Vachier Lagrave,M (2703) Biel 2009}) 9... O-O {LiveBook: 3 Games} 10. Bd3 $146 ({Predecessor:} 10. Be2 f5 11. exf5 Bxf5 12. O-O Qf6 13. Rfd1 Rae8 14. Rac1 Kh8 15. b3 b6 16. Nd5 Qf7 17. h3 a5 18. Bf1 Bc8 19. a3 Nd8 20. b4 axb4 21. axb4 Ne6 22. Rc2 {½-½ (22) Petrosian,A (2455)-Ermenkov,E (2475) Yugoslavia 1994}) 10... Ne5 11. Be2 Be6 12. b3 f5 13. exf5 Bxf5 14. O-O c6 15. f4 Nf7 16. Bd4 h5 17. Rad1 Re8 18. Bxg7 Kxg7 19. Qd4+ Qf6 20. Qxf6+ Kxf6 21. Kf2 {Precision: White = 77%, Black = 88%.} 1/2-1/2

[Event "5th Pontevedra Open 2017"]
[Site "Pontevedra"]
[Date "2017.08.14"]
[Round "9"]
[White "Oratovsky, Michael"]
[Black "Lorenzo Duran, Marcos"]
[Result "1-0"]
[WhiteElo "2494"]
[BlackElo "2172"]
[Annotator "TA"]
[PlyCount "47"]
[EventDate "2017.??.??"]
[EventCountry "ESP"]
[SourceTitle "playchess.com"]
[Source "ChessBase"]
[SourceQuality "1"]

{[%evp 21,47,20,16,3,14,19,43,17,24,15,29,25,17,28,22,29,4,22,31,31,83,88,164,151,393,391,713,710]} 1. e4 e5 2. Nf3 Nc6 3. Bc4 Nf6 4. d3 Be7 5. O-O O-O 6. Bb3 d6 7. c3 Na5 8. Bc2 c5 9. Nbd2 Nc6 {C55: Two Knights: 4 d3, 4 d4 exd4 5 e5 and Max Lange Attack} 10. h3 (10. Re1 h6 11. Nf1 Re8 12. h3 Be6 13. Ne3 a6 14. Nh2 d5 15. Qf3 d4 16. Nf5 Bf8 17. Ng4 Nxg4 18. hxg4 {0-1 (58) Shanava,K (2540)-Beradze,I (2460) Tbilisi 2017}) 10... Re8 11. Re1 Bf8 {LiveBook: 12 Games. The position is equal.} 12. a3 d5 $146 ({Find the theoretical novelty and annotate with similar games:} 12... h6 13. Nf1 Be6 14. Ng3 d5 15. Ba4 dxe4 16. dxe4 Qxd1 17. Rxd1 {½-½ (58) Maier,C (2387)-Matras,A (2280) Warsaw 2005}) 13. exd5 Nxd5 14. Nc4 {[%cal Rf3e5]} f6 15. d4 cxd4 16. cxd4 exd4 17. Rxe8 Qxe8 18. Nxd4 Nxd4 19. Qxd4 Be6 20. Bd2 Qh5 (20... Bf7 $14) 21. Re1 $36 {[%mdl 2048] White has strong initiative.} Bf7 (21... Nc7 $16 {was worth a try.}) 22. Be4 $18 {[%cal Bc2e4,Be4f3,Bf3h5][%mdl 32] [#] g4 is the strong threat.} Rc8 $2 (22... Nc7 $16 {keeps fighting.}) 23. Bf3 Bc5 $2 (23... Qg6 24. Bxd5 Bxd5 25. Qxd5+ Qf7) 24. Bxh5 1-0

[Event "5th Pontevedra Open 2017"]
[Site "Pontevedra"]
[Date "2017.08.14"]
[Round "9"]
[White "Firat, Burak"]
[Black "Silva, Luis Neves Da"]
[Result "0-1"]
[WhiteElo "2482"]
[BlackElo "2354"]
[Annotator "TA"]
[PlyCount "90"]
[EventDate "2017.??.??"]
[EventCountry "ESP"]
[SourceTitle "playchess.com"]
[Source "ChessBase"]
[SourceQuality "1"]

{[%evp 28,90,-33,-35,0,-17,-22,-27,-28,-109,-43,-43,-45,-57,-50,-47,-35,-39,-32,-62,-53,-81,-54,-80,-59,-64,-51,-155,-160,-150,-135,-131,-145,-194,-162,-226,-223,-241,-231,-214,-185,-242,-236,-243,-231,-238,-233,-252,-244,-327,-326,-333,-345,-345,-345,-345,-345,-341,-329,-1737,-1714,-5252,-5243,-29979,-29980]} 1. c4 c5 2. g3 g6 3. Bg2 Bg7 4. Nc3 Nc6 5. Nf3 {[%cal Bg1f3,Bf3e1,Be1c2,Bc2e3,Be3c4][%mdl 32]} e5 6. Rb1 Nge7 7. a3 a5 8. d3 O-O 9. O-O d6 10. Ne1 Be6 11. Nc2 d5 12. cxd5 Nxd5 13. Ne3 Nde7 14. Nc4 Rb8 {A37: Symmetrical English vs ...g6: 4 Bg2 Bg7 5 Nf3} 15. Nb5 {LiveBook: 9 Games} (15. Bg5 f6 16. Be3 Nd4 17. b4 axb4 18. axb4 b5 19. Nd2 cxb4 20. Rxb4 Qa5 21. Qb1 Nec6 22. Bxc6 Nxc6 {1-0 (68) Anand,V (2785)-Tregubov,P (2607) Bastia 2014}) 15... Qd7 16. a4 (16. Nb6 $5 {[%cal Rb6d7]} Qd8 17. Nc4 $11) 16... b6 {The position is equal.} 17. b3 $146 ({Predecessor:} 17. Bd2 Bh3 18. Bxh3 Qxh3 19. Bc3 Rfd8 20. Qc1 Nd5 21. f3 Nd4 22. Rf2 {½-½ (58) Usmanov,V (2455)-Minko,V (2226) Samara 2015}) 17... Nd4 18. Bd2 (18. Nxd4 $11 cxd4 19. Bd2) 18... Nd5 (18... Nxb5 $17 19. axb5 Nd5) 19. Nbd6 $15 Rfd8 20. e3 Nc6 21. Qe2 Ndb4 22. Rfd1 Bg4 23. f3 Be6 24. Be1 h5 25. f4 exf4 26. gxf4 Qe7 $36 {[%mdl 2048] Black is pushing.} 27. f5 (27. Nb5 $15) 27... Bxc4 $1 $17 (27... gxf5 $6 28. Bg3 $11) 28. Nxc4 {[#]} Nd4 $1 {[%cal Rd4e2,Bc6d4,Bd4f5,Bf5d6][%mdl 544]} 29. Qf2 (29. exd4 Qxe2) 29... Nxf5 30. Be4 {[#]} Nd6 $1 31. Bxb4 (31. Bg2 {keeps fighting.}) 31... axb4 $19 ({Resist} 31... cxb4 32. Bd5) (31... Nxe4 32. dxe4 cxb4 33. Qg2) 32. Qf3 Nxc4 33. bxc4 Qf6 34. Qe2 (34. Qg3 $142) 34... Rd6 35. Kh1 Qh4 36. Rf1 Rf6 37. Bd5 Re8 38. Qg2 Re5 ({Less strong is} 38... Rxe3 39. Rxf6 Qxf6 40. Rf1 $15) 39. Rxf6 Qxf6 40. d4 Rf5 ({Weaker is} 40... Rxe3 41. dxc5 Re7 42. Rf1 $17) 41. dxc5 bxc5 42. a5 {[#]} b3 $1 {[%cal Bb4b3,Bb3b2][%mdl 544]} 43. e4 $2 (43. Bb7 Rf2 44. Qg1) (43. Rxb3 Rf1+) 43... Rf2 44. Qh3 b2 45. e5 Qf4 {Precision: White = 26%, Black = 71%.} 0-1

[Event "5th Pontevedra Open 2017"]
[Site "Pontevedra"]
[Date "2017.08.14"]
[Round "9"]
[White "Lillo Castany, Victor"]
[Black "Petkov, Vladimir"]
[Result "0-1"]
[WhiteElo "2382"]
[BlackElo "2498"]
[Annotator "TA"]
[PlyCount "44"]
[EventDate "2017.??.??"]
[EventCountry "ESP"]
[SourceTitle "playchess.com"]
[Source "ChessBase"]
[SourceQuality "1"]

{[%evp 20,44,15,6,27,25,20,19,15,-176,-169,-176,-157,-214,-206,-199,-198,-227,-228,-214,-224,-289,-275,-264,-274,-267,-247]} 1. e4 c5 2. Nf3 d6 3. d4 cxd4 4. Nxd4 Nf6 5. Nc3 a6 6. g3 g6 7. Bg2 Bg7 8. O-O O-O 9. a4 Bd7 10. h3 Nc6 11. Nde2 {LiveBook: 43 Games} Re8 {B70: Sicilian Dragon: 6 g3 and 6 Be2 (without a later Be3)} (11... Rb8 12. Be3 b5 13. axb5 axb5 14. Nd5 Re8 15. Nef4 b4 16. Kh2 e6 17. Nxf6+ Bxf6 18. Qxd6 Be5 19. Qc5 Bxb2 20. Rab1 {0-1 (46) Miroshnichenko,E (2610)-Eliseev,U (2606) Moscow 2016}) 12. Be3 Qc8 $146 ({Predecessor:} 12... Na5 13. Qd3 Qc8 14. Kh2 Nc4 15. Bc1 b5 16. axb5 axb5 17. Rxa8 Qxa8 18. b3 Ne5 19. Qd1 {0-1 (29) Novak,M (2146)-Sochacki,C (2459) Pardubice 2013}) 13. Kh2 Ne5 {[%cal Bc6e5,Be5g4,Bg4e3][%mdl 32] The position is equal.} 14. b3 $2 {[#]} (14. Qc1 $11) 14... Nfg4+ $1 {[%mdl 512]} 15. hxg4 Nxg4+ 16. Kh1 (16. Kg1 $17 Nxe3 17. fxe3 Bxc3 18. Nxc3 Qxc3 19. Qd4 Qxc2 20. e5) 16... Nxe3 $19 17. fxe3 Bxc3 18. Nxc3 Qxc3 19. e5 Bc6 20. Bd5 Qxe5 {Black has a decisive advantage.} ({Much less strong is} 20... Qxe3 21. Rxf7 Qxe5 22. Rf5+ Qe6 23. Qf3 $19) 21. Bxc6 bxc6 22. Qf3 Qd5 0-1

[Event "5th Pontevedra Open 2017"]
[Site "Pontevedra"]
[Date "2017.08.14"]
[Round "9"]
[White "Espineira Gonzalez, Diego"]
[Black "Burmakin, Vladimir"]
[Result "1/2-1/2"]
[WhiteElo "2368"]
[BlackElo "2520"]
[Annotator "TA"]
[PlyCount "195"]
[EventDate "2017.??.??"]
[EventCountry "ESP"]
[SourceTitle "playchess.com"]
[Source "ChessBase"]
[SourceQuality "1"]

{[%evp 22,195,24,17,60,54,59,45,74,62,76,49,65,38,47,52,63,11,20,12,30,3,6,10,17,-10,-6,-7,-14,-23,-8,-25,-20,-19,-20,-16,-17,-19,-17,-25,0,0,0,0,0,0,0,0,0,0,0,0,0,0,0,0,0,0,0,0,0,0,0,0,0,0,0,0,0,0,0,0,0,0,0,0,0,0,0,0,0,0,0,0,0,0,0,0,0,0,0,0,0,0,0,0,0,0,0,0,0,0,0,0,0,0,0,-92,-92,-92,-92,-92,-92,-92,-92,-92,-92,-92,-92,-92,-92,-92,-92,-92,-92,-92,-92,-92,-92,-92,-92,-92,-92,-92,-92,-92,-92,-92,-92,-92,-92,-92,-92,-92,-92,-92,-92,-92,-92,-92,0,0,0,0,0,0,0,0,0,0,0,0,0,0,0,0,0,0,0,0,0,0,0,0,0,0]} 1. e4 c6 2. d4 d5 3. Nd2 g6 4. h3 Bg7 5. Ngf3 Nf6 6. Bd3 dxe4 7. Nxe4 Nxe4 8. Bxe4 Bf5 9. Bxf5 Qa5+ 10. c3 Qxf5 11. O-O O-O {B15: Caro-Kann: 3 Nc3: 3...g6 and 3...dxe4 4 Nxe4 Nf6 5 Nxf6+ exf6} (11... Qc8 12. Re1 e6 13. Bg5 O-O 14. Qd2 Nd7 15. Bh6 Nf6 16. Re5 Rd8 17. Rae1 Rd5 18. c4 Rd7 19. Bxg7 Kxg7 {½-½ (42) Korneev,O (2611)-Andreikin,D (2495) Warsaw 2005}) 12. Re1 {LiveBook: 7 Games} Qd7 13. Qb3 e6 {White is slightly better.} 14. Bf4 Na6 $146 {[%cal Bb8a6,Ba6c7,Bc7e8,Be8f6][%mdl 32]} ({Predecessor:} 14... Qc8 15. Be5 Nd7 16. Bxg7 Kxg7 17. c4 Nf6 18. g4 h6 19. Re3 {0-1 (59) Noehbauer,A-Kirschner,C Aidenbach 2002}) 15. Rad1 Rfd8 16. Rd2 (16. Ne5 $5 {[%cal Re5d7]} Qe7 17. a3 $16) 16... Qc8 17. Ng5 Rd5 18. Ne4 b5 19. Qa3 ({White should try} 19. Qd1 $14) 19... Nc7 $11 20. Qe7 Ne8 21. Be5 Qd8 22. Qxd8 Raxd8 23. Bxg7 (23. Bf4 {is more complex.} b4 24. f3 Ra5 25. Ra1 Ra4 26. Bg5) 23... Kxg7 24. Rde2 Nf6 25. Nc5 Nd7 26. Nd3 c5 27. Nxc5 Nxc5 28. dxc5 Rxc5 {[%mdl 4096] Endgame KRR-KRR} 29. Kf1 a6 30. Ra1 Rcd5 31. a4 Rd1+ 32. Re1 Rxa1 33. Rxa1 {KR-KR} Rd2 34. b4 Rc2 35. axb5 axb5 36. Ra5 Rxc3 37. Rxb5 Rc2 38. Rb7 Rb2 39. h4 h6 40. b5 g5 41. hxg5 hxg5 42. b6 Kg6 43. g3 g4 44. Kg2 f5 45. Rb8 Kf6 46. Rb7 Ke5 47. Rb8 Ke4 48. Rb7 Kd5 49. Rb8 Kc6 50. Re8 Kd7 51. Rb8 Rb1 52. Kh2 Rb5 53. Kg2 Kc6 54. Re8 Re5 55. Rb8 Re1 56. Kh2 Kb5 57. Kg2 Ka6 58. b7 Ka7 59. Rc8 $1 Kxb7 60. Rc2 Kb6 61. Rc8 Re5 62. Rc2 Rc5 63. Re2 e5 64. Ra2 (64. f3 $1 $11) 64... Kc6 $17 65. Rb2 Kd5 66. Ra2 Rc6 67. Rb2 Ke6 68. Ra2 Kf6 69. Rb2 Rc5 70. Ra2 Rc1 71. Ra8 Ke6 72. Re8+ {[#]} Kd5 $1 73. Rf8 Ke4 74. Rf7 Rc3 75. Rf8 Rf3 76. Rd8 Rd3 77. Rf8 Rd6 78. Rf7 Rh6 79. Rf8 Rh5 80. Rd8 Rg5 81. Rd7 Rg8 82. Rf7 Ra8 83. Rf6 Ra7 84. Rf8 Ra2 85. Rf7 f4 ({Better is} 85... Ra4 $17 86. Kf1 Ra3) 86. gxf4 $11 {The position is equal.} exf4 {[#] White must now prevent ...g3.} 87. Re7+ Kf5 {And now ...g3 would win.} 88. Kg1 Ra1+ 89. Kh2 $1 Ra2 90. Kg1 $1 Rb2 91. Re8 Rc2 92. f3 gxf3 {Strongly threatening ...f2+.} 93. Kf1 f2 94. Rf8+ Kg4 {( -> ...Kf3)} 95. Rg8+ Kf5 96. Ra8 Rb2 97. Ra5+ Kg4 {Hoping for ...Rb1+.} 98. Ra3 {Precision: White = 77%, Black = 78%.} 1/2-1/2

[Event "5th Pontevedra Open 2017"]
[Site "Pontevedra"]
[Date "2017.08.14"]
[Round "9"]
[White "Estremera Panos, Sergio"]
[Black "Lazarev, Vladimir"]
[Result "0-1"]
[WhiteElo "2362"]
[BlackElo "2418"]
[Annotator "TA"]
[PlyCount "99"]
[EventDate "2017.??.??"]
[EventCountry "ESP"]
[SourceTitle "playchess.com"]
[Source "ChessBase"]
[SourceQuality "1"]

{[%evp 19,99,17,14,0,2,-12,0,-27,0,-6,-7,0,4,0,0,-75,-81,-86,-51,-79,-63,-89,-70,-91,-92,-116,-89,-114,-38,-62,0,-106,-50,-125,-47,-61,-72,-121,-97,-121,-67,-181,-83,-263,-129,-142,0,-242,-91,-168,-186,-160,-57,-52,-55,-121,-18,-85,-69,-100,-111,-122,-135,-175,-207,-255,-265,-413,-388,-957,-957,-937,-936,-850,-743,-664,-348,-1527,-1450,-1342,-1112,-29990]} 1. d4 Nf6 2. c4 e6 3. Nf3 d5 4. Nc3 dxc4 5. e3 a6 6. a4 b6 {D24: Queen's Gambit Accepted: 3 Nf3 Nf6 4 Nc3} (6... c5 7. Bxc4 Nc6 8. O-O Be7 9. Qe2 cxd4 10. Rd1 e5 11. exd4 exd4 12. Nxd4 Nxd4 13. Qe5 Qd6 14. Qxd4 Qxd4 15. Rxd4 Bc5 16. Rd1 O-O 17. h3 Be6 18. Bxe6 fxe6 19. Kf1 Nd5 20. f3 Nxc3 21. bxc3 Rac8 22. Rb1 b6 23. Re1 Rc6 {½-½ (31) Eljanov,P (2741)-Caruana,F (2813) Douglas 2016}) 7. Bxc4 Bb7 8. O-O Bb4 9. Qe2 Nbd7 10. Rd1 O-O {LiveBook: 40 Games} 11. Ne1 c5 12. Nc2 $146 ({Predecessor:} 12. Na2 Bxe1 13. Qxe1 Qc7 14. Bf1 Ng4 15. f4 cxd4 16. exd4 Rfd8 {0-1 (35) Bojchev,M (2324)-Rusev,K (2422) Sofia 2006}) 12... Ba5 13. dxc5 {Black must now prevent b4.} bxc5 (13... Bxc3 $5 14. bxc3 Ne4 $15) 14. f3 Qb8 15. e4 Bc7 16. g3 Ne5 17. f4 (17. Ba2 $11) 17... Nxc4 $17 18. Qxc4 Bc6 19. Ne3 Qb7 {[%cal Rf6e4]} 20. e5 Nd7 21. b3 Rfc8 22. a5 Rcb8 23. Ra3 Qc8 (23... Rd8 $17) 24. Nc2 Qb7 25. Ne3 Qa7 (25... Rd8 $1 $17) 26. Nc2 {[#]} ({Better is} 26. Qe2 $15) 26... Rd8 (26... Rb4 $1 $17 {[%cal Rb4c4][%mdl 512]} 27. Qd3 (27. Nxb4 cxb4+) 27... Rab8) 27. Be3 Qb7 28. Raa1 Rab8 29. Ra3 {[#]} Bh1 (29... g5 $1 $17 {[%mdl 512]} 30. Kf2 (30. fxg5 Nxe5) 30... Kh8) 30. Qf1 {[#]} ({White has to play} 30. Ne1 $15) 30... h5 (30... Nxe5 $1 $19 {[%mdl 512] has better winning chances.} 31. Bxc5 (31. fxe5 Bxe5) 31... Rxd1 32. Nxd1 Nd3 $1 {[%mdl 512]}) 31. h4 $2 {[#]} (31. Rc1 $17 {is a better defense.}) 31... Bc6 (31... Nxe5 $1 $19 {[%mdl 512]} 32. fxe5 Bxe5) 32. Qc4 {[#]} Bh1 (32... Nxe5 $1 $17 {[%mdl 512]} 33. fxe5 Bxe5 34. Qxc5 Qc7) 33. Qf1 $1 $19 {[#]} Rbc8 $2 (33... Nxe5 $1 $19 {[%mdl 512] is more deadly.} 34. fxe5 Bxe5) 34. Kh2 (34. Bf2 $17 {was worth a try.}) 34... Bf3 35. Rd2 Nf8 (35... f6 $17 36. Qc4 Bg4) 36. Rf2 $15 Bg4 37. Qc4 ({White should try} 37. Bxc5 $15 Bxe5 38. b4) 37... Bb8 (37... Bf5 $17 {And now ...Ng6 would win.} 38. Bxc5 Nd7) 38. Ra1 (38. b4 $11) 38... Bf5 39. Ne1 {[#]} Rd4 $1 {[%mdl 512]} 40. Qf1 (40. Bxd4 cxd4) 40... Rb4 ({Stronger than} 40... Qxb3 41. Bxd4 cxd4 42. Na4 $14) 41. Na4 Nd7 42. Rc1 c4 {[%cal Bc5c4,Bc4b3][%mdl 32]} ({Don't take} 42... Rxb3 43. Ng2 $19) 43. Nb6 (43. Nc2 {keeps fighting.} Rxb3 44. Bd4) 43... Nxb6 $19 44. Bxb6 $2 (44. axb6 cxb3 45. Rxc8+ Qxc8 46. Nd3 Bxd3 47. Qxd3) 44... cxb3 45. Rxc8+ Qxc8 46. Rb2 Bc7 47. Nd3 Rb5 48. Nc1 $2 (48. Qc1 Qd8 49. Qxc7 Qxd3 50. Qd8+ Qxd8 51. Bxd8) 48... Bxb6 49. axb6 Qc3 50. Qxb5 {Precision: White = 13%, Black = 32%.} 0-1

[Event "5th Pontevedra Open 2017"]
[Site "Pontevedra"]
[Date "2017.08.14"]
[Round "9"]
[White "Sanchez Aller, Fernando"]
[Black "Pap, Misa"]
[Result "1/2-1/2"]
[WhiteElo "2337"]
[BlackElo "2491"]
[Annotator "TA"]
[PlyCount "151"]
[EventDate "2017.??.??"]
[EventCountry "ESP"]
[SourceTitle "playchess.com"]
[Source "ChessBase"]
[SourceQuality "1"]

{[%evp 23,151,37,43,12,35,16,57,54,58,39,479,6,4,-5,7,-21,36,29,29,64,69,-14,-14,-14,-14,-11,2,4,4,0,0,0,4,0,0,0,0,0,25,-2,-4,-6,-4,-26,-26,-26,0,0,0,0,0,0,0,0,0,0,0,0,0,0,0,0,0,-35,-35,-39,-23,-61,-50,-88,-45,-89,-15,-31,-15,-23,-23,-75,-82,-108,-103,-111,-116,-135,-131,-155,-144,-139,-103,-151,-79,-79,-30,-24,-24,-30,-29,-47,-49,-43,-53,-58,-49,-59,-55,-72,0,0,0,0,0,0,0,-15,-7,-18,0,0,0,0,0,0,0,0,0,0,0,0,0,0]} 1. e4 e5 2. Nf3 Nc6 3. Bb5 a6 4. Ba4 Nf6 5. O-O b5 6. Bb3 Bb7 7. d3 {[%cal Bd2d3,Bd3d4,Bd4d5][%mdl 32]} Bd6 8. c3 O-O 9. Re1 Na5 {C78: Ruy Lopez: Archangelsk and Möller Defences} (9... Re8 10. Nbd2 h6 11. Nf1 Bf8 12. Ng3 Na5 13. Bc2 d5 14. exd5 Qxd5 15. b4 Nc6 16. a4 Qd7 17. Ne4 Nxe4 18. dxe4 Qe6 19. Bb3 Qd6 20. Qc2 Rad8 21. Qe2 {1-0 (21) Etaoin Shrdlu (2727)-El Shaddai (2641) playchess.com INT 2007}) 10. Bc2 Re8 11. Nbd2 {[%cal Bb1d2,Bd2b3,Bb3a5][%mdl 32]} Bf8 12. d4 d6 {LiveBook: 3 Games} 13. b4 $146 ({Predecessor:} 13. a4 b4 14. h3 {1-0 (35) Linster,P (2125)-Aghabekian,L (2174) Luxembourg 2013}) 13... Nc6 14. d5 Ne7 15. Nb3 $1 h6 16. Na5 Bc6 $2 {[%mdl 8192]} (16... Bc8 $14) 17. a4 $2 ({But not} 17. Nxc6 Nxc6 18. dxc6 a5 $18) ({White should play} 17. dxc6 $18 g5 18. h3) 17... Bd7 $11 18. c4 c6 19. Bd3 cxd5 (19... bxc4 $11 20. Nxc4 cxd5 21. Nxd6 Bxa4 22. Qxa4 Qxd6) 20. cxd5 $14 Nexd5 21. exd5 e4 22. Bc2 ({Better is} 22. Nc6 $1 $14 Bxc6 23. dxc6) 22... exf3 $11 23. Rxe8 $1 Qxe8 24. Bb2 $1 Qe2 {Strongly threatening ...Nxd5!} 25. Bxf6 $1 gxf6 26. gxf3 Qxd1+ 27. Rxd1 Rc8 28. Bd3 bxa4 29. Bxa6 Rc2 30. Ra1 f5 (30... Rd2 $5 {[%cal Rd2d5]}) 31. b5 {[#]} (31. Nc6 $5) 31... Bxb5 $1 {[%mdl 512]} 32. Bxb5 Rc5 $1 {[%csl LRb5,LRd5]} 33. Bc6 (33. Rxa4 {keeps more tension.} Rxb5 34. Nc4 f4 35. Na3 Rxd5 36. Rxf4 Be7 37. Nc4) 33... Rxa5 34. Rxa4 {[%mdl 4096] Endgame KRB-KRB} Rc5 35. Rf4 Bg7 36. Rxf5 Be5 37. f4 Bd4 38. Rh5 Kg7 39. Rh3 Rc2 40. Rf3 Kf6 41. Kg2 Bc5 42. Bb5 Rd2 43. Bd3 {[#]} Bxf2 $1 {[%mdl 512]} 44. Kf1 (44. Rxf2 Rxd3) 44... Bc5 (44... Bd4 $5 {[%cal Rd2h2]} 45. Rh3 Kg7 $15) 45. Be2 Rxd5 46. Rd3 Rf5 47. Kg2 d5 (47... Rxf4 $17 48. Rf3 Kg5 49. Rg3+ Kf5) 48. h3 h5 {[%cal Bh6h5,Bh5h4][%mdl 32]} (48... Rxf4 $5 {[%cal Rf4f2]} 49. Rxd5 Rf2+ 50. Kg3 Rxe2 51. Rxc5 Re3+ 52. Kh4 Kg6 $17) 49. Bf3 Ke6 50. Rd1 (50. Kg3 $11) 50... Be3 $17 51. Ra1 Bxf4 52. Ra8 Rg5+ 53. Kf2 h4 54. Ra5 Bc7 55. Ra6+ Ke5 56. Ke2 Bd6 (56... f6 $142 57. Rc6 Bd6) 57. Ra4 Ke6 58. Rxh4 Re5+ 59. Kd3 Bc5 60. Rh6+ Ke7 61. Kc2 Rf5 62. Bg4 Rf2+ 63. Kd3 f5 64. Be2 f4 (64... Rf4 $17) 65. Rh7+ {The position is equal.} Kd6 {aiming for ...f3.} 66. Rh6+ Kc7 {White must now prevent ...f3.} 67. Rh7+ Kc6 {Hoping for ...f3.} 68. Rf7 Bd6 69. Rf5 Bc5 70. h4 Be3 71. h5 Rh2 72. h6 Rxh6 {And now ...Rh3 would win.} 73. Bf3 Rd6 {[#]} 74. Rxd5 $1 {[%mdl 512]} Rxd5+ 75. Kc4 Kd6 76. Bxd5 {Precision: White = 39%, Black = 55%.} 1/2-1/2

[Event "5th Pontevedra Open 2017"]
[Site "Pontevedra"]
[Date "2017.08.14"]
[Round "9"]
[White "Ambartsumova, Karina"]
[Black "Sousa, Andre Ventura"]
[Result "1/2-1/2"]
[WhiteElo "2325"]
[BlackElo "2385"]
[Annotator "TA"]
[PlyCount "100"]
[EventDate "2017.??.??"]
[EventCountry "ESP"]
[SourceTitle "playchess.com"]
[Source "ChessBase"]
[SourceQuality "1"]

{[%evp 12,100,21,0,47,22,67,20,16,16,22,16,12,17,44,7,4,0,6,13,11,10,24,14,62,42,69,66,145,145,161,162,150,145,112,0,0,14,83,20,84,76,93,103,164,163,231,212,404,72,50,29,87,0,27,48,133,-129,-49,-63,0,-279,-297,-293,-269,-355,-344,-344,-289,-341,-341,-326,137,0,980,-831,-37,-73,0,0,0,0,0,0,0,0,0,0,0,0,0]} 1. d4 d5 2. Nf3 Nf6 3. c4 e6 4. Nc3 Bb4 5. Qa4+ Nc6 6. e3 O-O 7. Bd3 {LiveBook: 14 Games. D38: Queen's Gambit Declined: Ragozin Defence (4 Nf3 Bb4)} (7. Qc2 Re8 8. Bd2 a6 9. h3 Bd6 10. a3 Bd7 11. Be2 dxc4 12. Bxc4 h6 13. O-O e5 14. Rae1 Qe7 {½-½ (53) Aronian,L (2793)-Giri,A (2771) Stavanger 2017}) 7... Ne4 8. Qc2 f5 9. a3 {White is slightly better.} Bxc3+ 10. bxc3 Na5 11. Ne5 $146 ({Find the theoretical novelty and annotate with similar games:} 11. cxd5 exd5 12. Ne5 c5 13. O-O {½-½ (13) Arsovic,G (2415)-Dimitrov,V (2469) Belgrade 1999}) 11... b6 12. O-O Ba6 {[%cal Ra6c4]} 13. cxd5 (13. f3 $5 {[%cal Rf3e4]} Nd6 14. cxd5 Bxd3 15. Nxd3 $11) 13... Bxd3 14. Qxd3 {f3 is the strong threat.} exd5 15. c4 c5 16. f3 Nf6 17. Bb2 $36 {[%mdl 2048] White has good play.} Qc8 18. Rac1 dxc4 19. Nxc4 Qa6 (19... Nb7 $1 $14) 20. Qxf5 {Strongly threatening Nxa5.} Nb3 21. Rc2 $1 b5 22. Ne5 ({Avoid the trap} 22. dxc5 $2 bxc4 23. Rd1 Rac8 $17) 22... c4 23. g4 (23. a4 $16 {Black must now prevent axb5.} Qxa4 24. Qe6+ Kh8 25. Nf7+ Kg8 26. Ng5+ Kh8 27. Nf7+ Kg8 28. Nd6+ Kh8 29. Nf7+) 23... Nd5 24. Qe4 Rad8 (24... Nf6 $1 $11 {remains equal.} 25. Qc6 Qxc6 26. Nxc6 Nd5) 25. Re1 (25. f4 $16) 25... Kh8 (25... Qa5 $11 26. Rd1 Qb6) 26. g5 $16 {[%cal Bg4g5,Bg5g6][%mdl 32] And now g6 would win.} Qa5 27. Rd1 Qb6 (27... Qc7 $16 {might work better.}) 28. g6 $18 Nf6 (28... h6 {is a better defense.} 29. Nf7+ Kg8) 29. Qh4 Kg8 $2 (29... h6 30. Nf7+ Rxf7 31. gxf7 Rf8) 30. Rg2 $2 (30. gxh7+ $18 {is more deadly.} Nxh7 31. Rg2) 30... h6 $16 31. Nf7 Rd5 (31... Rc8 $11 {keeps the balance.}) 32. Bc3 (32. Qf2 $16) 32... Rh5 $11 33. Qg3 Nd5 ({Black should play} 33... a5 $1 $14) 34. Qe1 $2 {[%mdl 8192]} (34. Bb4 $1 $16 {[%cal Rb4f8]} Re8 35. Qg4 Nxe3 36. Re1 Nxd4 37. Qxh5 Nxf3+ 38. Qxf3 Nxg2+ 39. Kxg2 Qxg6+ 40. Kf2 Rxe1 41. Nxh6+ $1 {[%mdl 512]} (41. Bxe1 Qxf7 42. Qxf7+ Kxf7 $16) 41... Qxh6 42. Kxe1) 34... Qf6 (34... Re8 $17 35. Ne5 Nxe3 $1 {[%mdl 512]}) 35. Ne5 $1 $15 Rg5 (35... a5 $1 $15) 36. f4 $2 {[%mdl 8192]} (36. Rg3 $11 {and White has nothing to worry.}) 36... Rxg2+ $19 37. Kxg2 Qf5 $1 {[%cal Rf5c2]} 38. Bb4 Qe4+ 39. Kf2 Rf5 40. Qe2 a5 $1 {[%cal Ra5b4]} 41. Bd2 Qc2 $2 (41... c3 $19 42. Bc1 Nxc1 43. Rxc1 Rxf4+ $1 {[%mdl 512]} 44. exf4 Qxd4+ 45. Kg3 Qxf4+ 46. Kg2 Qxc1) 42. Qf3 (42. a4 $1 $16) 42... Nc3 $2 {[%mdl 8192] [#]} (42... Ne7 $11 43. Qe2 Rf6) 43. Nf7 $4 {[%mdl 8192]} (43. Qc6 $3 $18 {[%mdl 512]} Nxd4 44. exd4 Rxf4+ 45. Kg2 Qe4+ 46. Qxe4 Rxe4 47. Bxc3) 43... Ne4+ $2 ({Worse is} 43... Nxd1+ 44. Kg1 $11) ({Black should try} 43... Rxf4 $19 44. Nxh6+ gxh6 45. Qxf4 Nxd1+ 46. Kf1 Qd3+ 47. Kg1 Qxg6+ 48. Kf1 Nxd2+ 49. Ke1 Nxe3 $1 {[%mdl 512]} 50. Qb8+ Kh7 51. Qa7+ Qg7 52. Qxg7+ Kxg7 53. Kxd2 Nf1+ 54. Ke2 Nxh2) 44. Kg1 $15 {[#]} Nbxd2 {[#]} ({Better is} 44... b4 $1 $17 {Threatens to win with ...Rf6.} 45. axb4 a4) 45. Rxd2 $1 $11 {[%mdl 512] The position is equal.} Qxd2 46. Qxe4 $17 {[%cal Re4e8] KQR-KQN} Qe1+ (46... Rxf7 $5 47. gxf7+ Kxf7 $11) 47. Kg2 {[%cal Re4e8]} Rxf7 48. Qe6 Qe2+ 49. Kg1 Qe1+ 50. Kg2 Qe2+ {Precision: White = 31%, Black = 29%.} 1/2-1/2